Coupe du Monde de Football - Participant ? #7 - Statistiques

Statistiques générales
  • Ce quiz a été pris 93 fois
  • Le résultat moyen est 11 sur 15
Statistiques - réponses
Hint Réponse % Correct
Danemark Correct
96%
Ghana Correct
88%
Bulgarie Correct
88%
Népal Incorrect
84%
Yémen Incorrect
83%
Slovénie Correct
82%
Tchad Incorrect
82%
Soudan Incorrect
80%
Macédonie du Nord Incorrect
74%
Porto Rico Incorrect
70%
Estonie Incorrect
67%
Burkina Faso Incorrect
63%
Angola Correct
49%
Trinité-et-Tobago Correct
43%
Jordanie Correct
36%
Aucun quiz correspondant
Distribution des résultats
% des personnes avec chaque résultat
Percentile par nombre de réponses
Votre historique - résultats
Vous n’avez pas pris ce quiz